[Event "EU-ch Blitz"]
[Site "Katowice"]
[Date "2022.12.16"]
[Round "21"]
[White "Muter, Donny"]
[Black "Paprocki, Jaroslaw"]
[Result "1/2-1/2"]
[WhiteElo "2206"]
[BlackElo "2158"]
[PlyCount "62"]
[EventDate "2022.12.16"]
[EventType "swiss (blitz)"]
[EventRounds "22"]
[EventCountry "POL"]
[SourceTitle "CBM 211 Extra"]
[Source "ChessBase"]
[SourceDate "2023.01.31"]
[SourceVersion "1"]
[SourceVersionDate "2023.01.31"]
[SourceQuality "1"]

1. d4 Nf6 2. Nf3 e6 3. Bg5 h6 4. Bh4 Be7 5. e3 b6 6. Bd3 Bb7 7. Nbd2 g5 8. Bg3 d6 9. Qe2 Nd5 10. c3 g4 11. Ng1 Nf6 12. e4 Nbd7 13. h3 h5 14. hxg4 Nxg4 15. Ngf3 Ndf6 16. 0-0-0 Qd7 17. Bb5 c6 18. Bd3 0-0-0 19. Kb1 Kb8 20. e5 Nd5 21. Nc4 dxe5 22. Nfxe5 Nxe5 23. Bxe5+ Ka8 24. Bxh8 Rxh8 25. Rxh5 Rg8 26. g3 c5 27. Ne5 Qc7 28. Rh7 f6 29. Nc4 Qd7 30. dxc5 bxc5 31. Na5 Qe8 1/2-1/2

[Event "Nancy Meurthe blitz 17th"]
[Site "Nancy"]
[Date "2019.02.23"]
[Round "5"]
[White "Muter, Donny"]
[Black "Brunner, Nicolas"]
[Result "0-1"]
[WhiteElo "2206"]
[BlackElo "2427"]
[PlyCount "100"]
[EventDate "2019.02.24"]
[EventType "swiss (blitz)"]
[EventRounds "11"]
[EventCountry "FRA"]
[SourceTitle "CBM 189 Extra"]
[Source "ChessBase"]
[SourceDate "2019.06.03"]
[SourceVersion "1"]
[SourceVersionDate "2019.06.03"]
[SourceQuality "1"]

1. d4 d5 2. Nf3 Nf6 3. c4 e6 4. Nc3 c6 5. Bg5 h6 6. Bh4 dxc4 7. e4 g5 8. Bg3 b5 9. e5 Nd5 10. Nd2 Bb7 11. Be2 Nxc3 12. bxc3 c5 13. Bf3 Qd7 14. Ne4 Bxe4 15. Bxe4 Nc6 16. d5 exd5 17. Qxd5 Qxd5 18. Bxd5 Rc8 19. a4 Ne7 20. Bb7 Rb8 21. Ba6 bxa4 22. 0-0 Bg7 23. Bxc4 Rb7 24. e6 f5 25. Bd6 Bxc3 26. Rxa4 Bd4 27. g3 Nc8 28. Ra6 Nxd6 29. Rxd6 Ke7 30. Ra6 Rc8 31. Kg2 Rcc7 32. Ra2 Rb4 33. Rc1 Rcb7 34. Rcc2 Rb1 35. h3 Kf6 36. Re2 Rc1 37. Rec2 Rxc2 38. Rxc2 Rb4 39. f4 a5 40. fxg5+ hxg5 41. h4 gxh4 42. gxh4 a4 43. Kf3 a3 44. h5 Rb1 45. Rh2 Rc1 46. Bd5 Rc3+ 47. Kg2 Be5 48. Rh1 a2 49. Kf2 Rc2+ 50. Ke3 a1Q 0-1

[Event "Nancy Meurthe blitz 17th"]
[Site "Nancy"]
[Date "2019.02.23"]
[Round "3"]
[White "Muter, Donny"]
[Black "Velten, Paul"]
[Result "0-1"]
[WhiteElo "2206"]
[BlackElo "2504"]
[PlyCount "58"]
[EventDate "2019.02.24"]
[EventType "swiss (blitz)"]
[EventRounds "11"]
[EventCountry "FRA"]
[SourceTitle "CBM 189 Extra"]
[Source "ChessBase"]
[SourceDate "2019.06.03"]
[SourceVersion "1"]
[SourceVersionDate "2019.06.03"]
[SourceQuality "1"]

1. d4 d5 2. Nf3 Nf6 3. e3 Bg4 4. c4 dxc4 5. Bxc4 e6 6. Nc3 Nc6 7. 0-0 Bd6 8. h3 Bh5 9. Be2 0-0 10. b3 Qe7 11. Bb2 Rfd8 12. Nb5 a6 13. Nxd6 cxd6 14. Rc1 Rac8 15. a3 Rc7 16. b4 Rdc8 17. Qb3 d5 18. Rfd1 Ne4 19. Kf1 Qd8 20. g4 Bg6 21. Kg2 h5 22. b5 axb5 23. Qxb5 hxg4 24. hxg4 f5 25. Ne5 Nxe5 26. Rxc7 Rxc7 27. dxe5 Qh4 28. Rf1 fxg4 29. Qb6 Rf7 0-1

[Event "Pardubice Czech op-A 25th"]
[Site "Pardubice"]
[Date "2014.07.23"]
[Round "6"]
[White "Muter, Donny"]
[Black "Cuhra, Martin"]
[Result "1/2-1/2"]
[WhiteElo "2181"]
[BlackElo "2251"]
[PlyCount "92"]
[EventDate "2014.07.18"]
[EventType "swiss"]
[EventRounds "9"]
[EventCountry "CZE"]
[SourceTitle "CBM 161 Extra"]
[Source "ChessBase"]
[SourceDate "2014.08.29"]
[SourceVersion "1"]
[SourceVersionDate "2014.08.29"]
[SourceQuality "1"]

1. d4 Nf6 2. Nf3 e6 3. Bg5 Be7 4. Nbd2 c5 5. e3 b6 6. Bd3 Bb7 7. 0-0 d6 8. c3 0-0 9. e4 Nc6 10. a3 Qc7 11. Qe2 e5 12. Rac1 Rad8 13. b4 Rfe8 14. Bb5 Nd7 15. dxc5 dxc5 16. Bc4 Nf8 17. Rfe1 Bc8 18. Nf1 Ne6 19. Bxe7 Nxe7 20. g3 Kh8 21. Ne3 f6 22. h4 g6 23. h5 Rf8 24. Rcd1 cxb4 25. axb4 Rxd1 26. Rxd1 gxh5 27. Nd5 Qb7 28. Nh4 Ng5 29. Qxh5 Kg7 30. Qe2 Ng6 31. Nf5+ Bxf5 32. exf5 Ne7 33. f4 Nf7 34. Qg4+ Kh8 35. Nxf6 Nh6 36. Qh4 Nexf5 37. Rd7 Nxh4 38. Rxb7 Rxf6 39. gxh4 Rxf4 40. Bd5 Rxh4 41. Rxa7 Nf5 42. Rb7 Rg4+ 43. Kf2 Rg6 44. Rf7 Nd6 45. Re7 e4 46. c4 Rf6+ 1/2-1/2

[Event "Hampstead U2200 op 2nd"]
[Site "London"]
[Date "2012.11.24"]
[Round "1"]
[White "Muter, Donny"]
[Black "Oyama, Akito"]
[Result "1-0"]
[WhiteElo "2199"]
[BlackElo "1866"]
[PlyCount "96"]
[EventDate "2012.11.24"]
[EventType "swiss"]
[EventRounds "5"]
[EventCountry "ENG"]
[SourceTitle "EXT 2019"]
[Source "ChessBase"]
[SourceDate "2018.10.10"]
[SourceVersion "1"]
[SourceVersionDate "2018.10.10"]
[SourceQuality "1"]

1. d4 Nf6 2. Nf3 e6 3. Bg5 Be7 4. Nbd2 h6 5. Bh4 g5 6. Bg3 c5 7. e3 Qb6 8. Nc4 Qc6 9. dxc5 Qxc5 10. Nd6+ Bxd6 11. Bxd6 Qa5+ 12. c3 Nc6 13. Qc2 g4 14. Nd2 Qd5 15. Ba3 Ne5 16. Qa4 a6 17. Qb4 Nc6 18. Qf4 Qe5 19. Nc4 Qxf4 20. exf4 Rh7 21. Nb6 Rb8 22. Bd3 Rg7 23. Bd6 Kd8 24. g3 Ne8 25. Bxb8 Nxb8 26. h3 gxh3 27. Rxh3 Kc7 28. Nxc8 Kxc8 29. Rxh6 d5 30. Ke2 Nd6 31. Rah1 Nc6 32. Rh7 Rxh7 33. Rxh7 Kd7 34. g4 Na5 35. g5 Kc6 36. Rh6 Kd7 37. f5 exf5 38. Rf6 Ke7 39. Bxf5 Nac4 40. b3 Ne5 41. Bd3 b5 42. Rh6 a5 43. f4 Nc6 44. Bxb5 Nd8 45. Bd3 Ne6 46. Kf3 d4 47. cxd4 Nxd4+ 48. Kg4 Ne6 1-0

[Event "BCF-chT1d 0809 (4NCL) Demotion pool"]
[Site "England"]
[Date "2009.05.02"]
[Round "9.5"]
[White "Muter, Donny"]
[Black "Eames, Robert"]
[Result "1-0"]
[WhiteElo "2225"]
[BlackElo "2312"]
[PlyCount "97"]
[EventDate "2008.10.04"]
[EventType "team-tourn"]
[EventRounds "4"]
[EventCountry "ENG"]
[SourceTitle "EXT 2010"]
[Source "ChessBase"]
[SourceDate "2010.11.25"]
[SourceVersion "1"]
[SourceVersionDate "2010.11.25"]
[SourceQuality "1"]
[WhiteTeam "Richmond"]
[BlackTeam "Betsson.com"]
[WhiteTeamCountry "ENG"]
[BlackTeamCountry "ENG"]

1. Nf3 d5 2. c4 c6 3. b3 Nf6 4. Bb2 g6 5. d3 Bg7 6. Nbd2 0-0 7. g3 Qb6 8. Qc2 Na6 9. Bg2 Bf5 10. 0-0 Nb4 11. Qb1 a5 12. a3 Na6 13. cxd5 cxd5 14. Bd4 Qb5 15. Qb2 Rfc8 16. Rfc1 h6 17. h3 g5 18. g4 Bh7 19. Rc3 Qd7 20. Rac1 Ne8 21. Bxg7 Nxg7 22. Ne5 Qe6 23. Bxd5 Rxc3 24. Bxe6 Rxc1+ 25. Qxc1 Nxe6 26. Qc4 Nac7 27. Ne4 Rd8 28. Ng3 Rd5 29. Qc3 Rc5 30. Qb2 f6 31. Nc4 Nd5 32. d4 Rc8 33. e4 Ndf4 34. Kh2 a4 35. Nb6 Rd8 36. d5 Nc5 37. Qd4 Nxb3 38. Qxa4 Nd2 39. Nf5 Bxf5 40. gxf5 h5 41. Qb4 Nf3+ 42. Kg3 Ne5 43. Qxe7 h4+ 44. Kh2 Nf3+ 45. Kh1 Rf8 46. d6 g4 47. hxg4 h3 48. d7 Nd3 49. Qxf8+ 1-0

[Event "Southend op"]
[Site "Southend"]
[Date "2009.04.11"]
[Round "4"]
[White "Muter, Donny"]
[Black "Ethelontis, Alexandros N"]
[Result "0-1"]
[WhiteElo "2225"]
[BlackElo "2165"]
[PlyCount "74"]
[EventDate "2009.04.10"]
[EventType "swiss"]
[EventRounds "7"]
[EventCountry "ENG"]
[SourceTitle "CBM 130 Extra"]
[Source "ChessBase"]
[SourceDate "2009.07.02"]
[SourceVersion "2"]
[SourceVersionDate "2009.07.15"]
[SourceQuality "1"]

1. d4 e6 2. Nf3 Nf6 3. Bg5 c5 4. e3 Qb6 5. Bxf6 gxf6 6. Qc1 Nc6 7. c3 d5 8. Be2 Bd7 9. Nbd2 cxd4 10. exd4 Bd6 11. 0-0 Rc8 12. b3 e5 13. c4 Nxd4 14. Nxd4 Qxd4 15. Nf3 Qe4 16. Qh6 Qg6 17. Qd2 d4 18. Bd3 Qg4 19. h3 Qg7 20. Nh4 Rg8 21. g3 Qg5 22. Qxg5 Rxg5 23. g4 Be6 24. Nf5 Bb8 25. f4 exf4 26. Kf2 h5 27. Kf3 Be5 28. Be4 b5 29. Bd3 bxc4 30. bxc4 hxg4+ 31. hxg4 Bxc4 32. Rfc1 Bd5+ 33. Be4 Bxe4+ 34. Kxe4 Rc3 35. Nxd4 Re3+ 36. Kd5 Rd3 37. Rd1 Bxd4+ 0-1

[Event "Southend op"]
[Site "Southend"]
[Date "2009.04.10"]
[Round "2"]
[White "Muter, Donny"]
[Black "Crombleholme, Alan K"]
[Result "1-0"]
[WhiteElo "2225"]
[BlackElo "2098"]
[PlyCount "75"]
[EventDate "2009.04.10"]
[EventType "swiss"]
[EventRounds "7"]
[EventCountry "ENG"]
[SourceTitle "CBM 130 Extra"]
[Source "ChessBase"]
[SourceDate "2009.07.02"]
[SourceVersion "2"]
[SourceVersionDate "2009.07.15"]
[SourceQuality "1"]

1. d4 Nf6 2. Nf3 d5 3. c4 c6 4. Nc3 dxc4 5. a4 Bf5 6. e3 e6 7. Bxc4 Bb4 8. 0-0 Nbd7 9. Qe2 Ne4 10. Na2 Be7 11. Bd3 0-0 12. Qc2 Nd6 13. e4 Bg6 14. Be3 Rc8 15. Rac1 a5 16. Rfd1 b6 17. Qb1 Rc7 18. Ne5 Qa8 19. f3 Rfc8 20. Rc3 Nb7 21. f4 Nxe5 22. dxe5 Nc5 23. Bc2 Bh5 24. Re1 Rd8 25. Bf2 Rd2 26. Rh3 Bg4 27. Rg3 Bh4 28. Qc1 Rcd7 29. h3 Bxg3 30. Bxg3 Bh5 31. Bh4 Be2 32. Nc3 Ba6 33. f5 Qb8 34. Bg3 Qd8 35. Bf4 Qh4 36. Bxd2 Bd3 37. Bg5 Qh5 38. Bd1 1-0

[Event "Southend op"]
[Site "Southend"]
[Date "2009.04.10"]
[Round "1"]
[White "Roberts, Jason"]
[Black "Muter, Donny"]
[Result "0-1"]
[WhiteElo "2064"]
[BlackElo "2225"]
[PlyCount "136"]
[EventDate "2009.04.10"]
[EventType "swiss"]
[EventRounds "7"]
[EventCountry "ENG"]
[SourceTitle "CBM 130 Extra"]
[Source "ChessBase"]
[SourceDate "2009.07.02"]
[SourceVersion "2"]
[SourceVersionDate "2009.07.15"]
[SourceQuality "1"]

1. e4 d6 2. d4 Nf6 3. Nc3 c6 4. Bd3 e5 5. Nf3 Qc7 6. Bg5 Be7 7. Qd2 a6 8. 0-0 Bg4 9. Be2 Nbd7 10. a4 a5 11. Rfe1 0-0 12. Rad1 Rfe8 13. h3 Bh5 14. Qe3 Bf8 15. dxe5 dxe5 16. Nd2 Bc5 17. Qg3 Bxe2 18. Rxe2 Kh8 19. Nb3 Be7 20. Red2 Nf8 21. Qf3 h6 22. Be3 Ne6 23. g3 Kh7 24. Kh2 g6 25. Rd3 Kg7 26. Qg2 h5 27. f3 Red8 28. Qf2 Rxd3 29. Rxd3 Nd7 30. Qd2 Nb6 31. Qf2 Nc4 32. Bc1 Rf8 33. Qe2 h4 34. g4 Bg5 35. Qd1 Qb6 36. Qg1 Qxg1+ 37. Kxg1 Bxc1 38. Nxc1 Nxb2 39. Rd7 Rb8 40. Nb3 Nc4 41. Nd1 Kf8 42. Nf2 Ke8 43. Rd1 Rd8 44. Rxd8+ Kxd8 45. Nd3 b5 46. axb5 a4 47. bxc6 axb3 48. cxb3 Na5 49. Nxe5 Nxb3 50. Nxf7+ Ke7 51. Ne5 g5 52. f4 gxf4 53. c7 Nxc7 54. Ng6+ Kf6 55. Nxf4 Nd2 56. e5+ Kg5 57. Nd3 Ne6 58. Kf2 Nf4 59. Nc5 Nxh3+ 60. Ke3 Nc4+ 61. Kd4 Na5 62. e6 Nc6+ 63. Kd5 Ne7+ 64. Kd6 Ng6 65. e7 Nxe7 66. Kxe7 Nf2 67. Ne6+ Kxg4 68. Kf6 h3 0-1

[Event "Krakow op-A 19th"]
[Site "Krakow"]
[Date "2008.12.30"]
[Round "5"]
[White "Hansen, Knut Are"]
[Black "Muter, Donny"]
[Result "1/2-1/2"]
[WhiteElo "2076"]
[BlackElo "2190"]
[PlyCount "33"]
[EventDate "2008.12.26"]
[EventType "swiss"]
[EventRounds "9"]
[EventCountry "POL"]
[SourceTitle "CBM 128 Extra"]
[Source "ChessBase"]
[SourceDate "2009.03.05"]
[SourceVersion "2"]
[SourceVersionDate "2009.03.25"]
[SourceQuality "1"]

1. e4 c6 2. d4 d5 3. Nc3 dxe4 4. Nxe4 Bf5 5. Ng3 Bg6 6. Nf3 Nd7 7. Bd3 e6 8. c3 Ngf6 9. 0-0 Bd6 10. Re1 0-0 11. Bxg6 hxg6 12. a4 a5 13. Nf1 Qc7 14. h3 Rad8 15. Bg5 Bf4 16. Bxf4 Qxf4 17. Qd2 1/2-1/2

[Event "Illes Medes op 2nd"]
[Site "L'Estartit"]
[Date "2008.01.03"]
[Round "8"]
[White "Muter, Donny"]
[Black "Dijon, Frederic"]
[Result "1-0"]
[WhiteElo "2212"]
[BlackElo "2103"]
[PlyCount "49"]
[EventDate "2007.12.28"]
[EventType "swiss"]
[EventRounds "9"]
[EventCountry "ESP"]
[SourceTitle "CBM 122 Extra"]
[Source "ChessBase"]
[SourceDate "2008.03.04"]
[SourceVersion "1"]
[SourceVersionDate "2008.03.04"]
[SourceQuality "1"]

1. d4 Nc6 2. e4 d5 3. e5 Bf5 4. Bb5 Qd7 5. Ne2 h5 6. 0-0 0-0-0 7. Nd2 g5 8. Nb3 Qe6 9. Bxg5 Qg6 10. Be3 Nh6 11. Nf4 Qg7 12. Bxc6 bxc6 13. Qe2 e6 14. Qa6+ Kd7 15. Na5 Rg8 16. Qxc6+ Kc8 17. Qb7+ Kd7 18. Qb5+ Kc8 19. Nc6 Kd7 20. Nxa7+ Ke7 21. Nc6+ Kd7 22. g3 Bg4 23. Bd2 f5 24. Nxd8+ Kxd8 25. Nxe6+ 1-0